000 01214njm a22003017a 4500
005 2010092107257.0
007 sd ammalaaahaa
008 100913t xxu||||| |||| 00| 0 hin d
028 _aSHFLP-1/1369
_bSuper; T Series
035 _aGR-05121
040 _aSED/VEN
100 _919606
_aAnuradha Poaudwal
245 _aBahraar aane tak part 1 & 2/
_h[sound recording] :
_cby Anuradha Poaudwal ,Pankaj Udhas music by;Rajesh Roshan lyrics by ;Ibrahim Ashq ,Mohan Sharma
246 _aबहरार आने तक (अनुराधा पोऔद्वाल)
260 _aDum Dum, India
_bSuper; T Series
_c1986
300 _a1 sound disc [Gramophone record] :
_banalog, 33.1/3 rpm
_c12 in. (LP)
_fGramophone record
500 _aBrief record.
500 _aSuper; T Series
500 _aRed
505 _aPart.1Mohabbat inayat karam dekhte hain Part 2 Kali teri choti te
650 _xExcerpts
_zIndia
_919607
_vFilmi song
_aClassical music
700 _920936
_aPankaj Udhas
700 _aRajesh Roshan
_921008
700 _aIbrahim Ashq
_921022
700 _aMohan Sharma
_921023
942 _2ddc
_cGR
999 _c47348
_d47348